00230nam a2200085Ia 4500100001900000654003800019245004000057260003500097546001200132 aDoyle/John M.  aDigital switching timing circuits aDigital Switching & Timing Circuits bDuxbury PressaCalforniac1976 aENGLISH